Cuadernos : ensenanza de fenomenos de transporte en ingenieria quimica en el pregrado y en postgrado /

Guardado en:
Autores Corporativos: Seminario en Transferencia de Calor y Materia, Comité Argentino de Transferencia de Calor y Materia (CAMAT)
Formato: Libro
Idioma:Spanish
Publicado: [Argentina] : CAMAT, 1984.
Series:Camat ; 3
Materias:
Etiquetas: Agregar Etiqueta
Sin Etiquetas, Sea el primero en etiquetar este registro!
LEADER 01063nam a22002655a 4500
001 EIQ.libpla002187
008 070502s1984####ag#a##########000#0#spa#d
005 20080528175404.0
245 1 0 |a Cuadernos :  |b ensenanza de fenomenos de transporte en ingenieria quimica en el pregrado y en postgrado /  |c Comité Argentino de Transferencia de Calor y Materia (CAMAT). 
260 |a [Argentina] :  |b CAMAT,  |c 1984. 
300 |a vi, 116 p. :  |b il. ;  |c 29 cm. 
440 0 |a Camat ;  |v 3 
711 2 |a Seminario en Transferencia de Calor y Materia  |n (3º :  |d 1984 :  |c Argentina) 
246 1 |a Cuadernos de Camat 
650 4 |a Calor  |x Transferencia. 
650 4 |a Masa  |x Transferencia. 
650 4 |a Transferencia de calor  |x Reactores. 
650 4 |a Transferencia de masa  |x Reactores. 
650 4 |a Heat  |x Transfer. 
650 4 |a Mass  |x Transfer. 
650 4 |a Heat transfer  |x Reactors. 
650 4 |a Mass transfer  |x Reactors. 
040 |a AR-BbSID  |b spa  |c AR-BbSID 
110 2 |a Comité Argentino de Transferencia de Calor y Materia (CAMAT) 
859 |a AR-BbSID  |b BIB. PLAPIQUI  |h 536.42  |i C 735  |p 3367